Слов'янська частина Оксфордського гептаглота. Українсько-латинський словник першої половини 17-го сторіччя (Запис № 454060)

МАРК-запис
000 -Лідер
fixed length control field 01205 a2200265 4500
003 - Ідентифікатор контрольного номера
control field UA-OsUOA
005 - Дата та час останнього входження (трансакції)
control field 20200302165143.0
008 - Елементи даних фіксованої довжини – загальна інформація
fixed length control field 200205b un ||||| |||| 00| 0 ukr d
040 ## - Джерело каталогізації
Агенція оригінальної каталогізації UA-OsUOA
Мова каталогізації ukr
Агенція, яка здійснювала перезапис UA-OsUOA
Агенція, яка здійснювала модифікацію UA-OsUOA
041 ## - Код мови
Код мови тексту/ звукової доріжки чи окремого заголовка (П) ukr
080 ## - Індекс Універсальної десяткової класифікації
Індекс Універсальної десяткової класифікації (УДК) (НП) 81'374
090 ## - Локальний шифр розміщення
Класифікаційний індекс УДК 81'374
Авторський знак (НП) С25
100 ## - Основне введення – ім’я особи
Ім’я особи (НП) Свобода В.
110 ## - Наймення організації – загальна інформація
Найменування колективу або юрисдикції як початковий елемент введення Українська вільна академія наук
245 ## - Відомості про назву
Назва (НП) Слов'янська частина Оксфордського гептаглота. Українсько-латинський словник першої половини 17-го сторіччя
Дані про відповідальність (НП) В. Свобода
260 ## - Публікація, розповсюдження і т.п. (Вихідні дані)
Ім’я/ наймення видавництва, розповсюджувача і т.п. (П) Накладом Українського Народного Дому
Дата публікації, розповсюдження і т.п. (П) 1956
Місце публікації, розповсюдження і т.п. (П) Торонто
300 ## - Фізичний опис
Обсяг 64 с.
490 ## - Область серії
Назва серії Slavistica
Позначення і номер тому / порядкове позначення ч. 25
650 ## - Додаткове предметне введення – тематичний термін
Джерело заголовка чи терміна UDC
Тематичний термін чи географічна назва, як елемент введення (НП) 81'374 Лексикографія. Словники, їх укладання та зміст
700 1# - Додаткове введення – ім'я особи
Ім’я особи (НП) Свобода В.
710 1# - Додаткове введення – наймення організації
Наймення організації або юрисдикції, як елемент введення Українська вільна академія наук
942 ## - Додаткові елементи входу (Коха)
Тип елемента Koha Книги
Source of classification or shelving scheme Universal Decimal Classification
955 ## - Код типу видання за змістом
Код типу видання за змістом (НП) Довідкові видання
Фонди
Стан вилучень Стан втрат Джерело класифікації або схеми стелажів Стан уражень Не для кредиту Код колекції Постійне місце розташування Поточне розміщення Дата придбання Джерело придбання Вартість, звичайна ціна покупки Інвентарний номер Усього замовленно Повний номер виклику Штрих-код Дата останнього перегляду Ціна ефективна від Тип елемента Koha Примітка, призначена для загального доступу
    Universal Decimal Classification     Колекція Української вільної академії наук у Канаді Наукова бібліотека ІДУД Наукова бібліотека ІДУД 05/02/2020 Акт надходження № 2/2020 (від О. Іванусіва) 1.00 2139829   81'374 С25 2139829 05/02/2020 05/02/2020 Книги Дарувальник Іванусів О.